1320 1437 1912 1295 1460 1740 1749 1970 1241 1729 1177 1894 1496 1186 1422 1108 1755 1207 1738 1820 1493 1566 1120 1707 1996 1486 1994 1902 1234 1843 1138 1399 1496 1559 1107 1432 1939 1843 1535 1421 1985 1703 1287 1467 1692 1178 1260 1724 1182 1991 1662 1891 1421 1659 1282 1486 1989 1244 1793 1798 1021 1315 1552 1038 1322 1025 1452 1584 1649 1829 1323 1198 1503 1588 1154 1781 1361 1458 1135 1648 1527 1441 1590 1852 1267 1170 1994 1903 1811 1793 1876 1140 1670 1150 1096 1262 1471 1602 1728 BCNSPRNW ULIB Ver.6.0+V

เปลี่ยนเป็นภาษาไทย

Change to English
 แสดงรายละเอียดบรรณานุกรม
  กลับหน้าหลัก

Brief Record : Get Marc (ISO 2709) : E-mail record : QR code < ปิดหน้าต่าง
LEADER : 00000nam 2200000uu 4500
001    13399112919
003     ULIB
008    110919s2553||||th 000 0 tha d
020    9786167081670
090    นว.^bด432ล 2553
100 0  ดาลัน
245 00 เล่ห์มาร/^cดาลัน
250    พิมพ์ครั้งที่ 1
260    กรุงเทพฯ :^bSMART BOOK,^c2553
300    453 หน้า
945    ^p290^l0^i16658
995    กัณชพร
999     ^aใช้งานได้ทุกระบบ
รายการนี้ยังไม่มีแท็ก
คุณยังไม่ได้ล็อกอิน คุณสามารถมีกิจกรรมร่วมกับเว็บไซต์ได้ แต่ต้องล็อกอินก่อน ::
  ล็อกอิน

รายการสื่อสารสนเทศ

ลำดับที่ ประเภท เลขเรียก/บาร์โค้ด สถานที่ สถานะ
1. นวนิยาย
นวนิยาย
นว. ด432ล 2553  
  Barcode: 16658
ห้องสมุดวิทยาเขตสวรรค์ประชารักษ์
►นวนิยาย
บนชั้น
  ขอยืม

BibComment


ยังไม่เคยถูกคอมเมนท์

คอมเมนท์ทรัพยากรรายการนี้
  คอมเมนท์: เล่ห์มาร ดาลัน


 Copyright 2026. Bcnsprnw @Library